000 00525nam a2200169Ia 4500
008 230917s9999||||xx |||||||||||||| ||und||
020 _cRS1295
040 _e248017
_aMAIN
041 _aEnglish
082 _aB R18M
100 _aRao, C H Hanumantha
245 0 _aMy journey from Marxism-Leninism to Nehruvian socialism: Some memoirs and reflections on inclusive growth
260 _aNew Delhi
_bAcademic Foundation
_c2018
300 _a309 p.
500 _a3147 04/06/2018 RK18/505 04/06/2018 Main Budget
942 _cBK
999 _c27003
_d27003